| 000 | 00727nam a2200217Ia 4500 | ||
|---|---|---|---|
| 003 | GCL | ||
| 008 | 140319s9999 xx 000 0 ara d | ||
| 040 |
_aGCL / _cGCL |
||
| 082 | 0 | 4 |
_a257.1 _bم خ |
| 100 | 1 | _aمحمد عمارة | |
| 245 | 1 | 0 |
_aالخلافة ونشاة الاحزاب الاسلامية / _cمحمد عمارة |
| 260 |
_a[S.N] : _bدار الهلال للطباعة والنشر ، _c1983 |
||
| 300 | _a321 ص | ||
| 490 |
_aكتاب الهلال _v0 |
||
| 650 | 0 | 4 | _aالاسلام |
| 650 | 0 | 4 | _aالاسلام والمذاهب السياسية |
| 650 | 0 | 4 | _aالخلافة |
| 650 | 0 | 4 | _aالاسلام والاصلاح السياسى |
| 650 | 0 | 4 | _aالاسلام والسياسة |
| 942 |
_2ddc _cBK |
||
| 999 |
_c35355 _d35355 |
||